000
00312nam a2200109 a 4500
005
20240305135616.0
008
140407s1971 000 spa d
100
1
_a
Doyle, Arthur Conan,
_d
1859-1930
_9
13006
245
0
_a
Aventuras de Sherlock Holmes.
260
_a
Madrid -- Libra,
_c
1971 -- 185 p.
999
_c
43213
_d
43213
040
_a
DO-SdBNP